000 00620nam a2200193Ia 4500
008 090123s9999 xx 000 0 und d
082 _b11117
100 _aपरांजपे सुरेश
245 _aआकाश दैनंदिनी
250 _a1
260 _bपृथ्वी प्रकाशन
_c1986
300 _a30
600 _aपरांजपे सुरेश
630 _aआकाश दैनंदिनी
700 _aमोने हेमंत
700 _aपरांजपे सुरेश
730 _aआकाश दैनंदिनी
942 _cBOOK
999 _c49182
_d49182